000
00380nam a2200133Ia 4500
008
100328s9999 xx 000 0 und d
082
_b
44781
100
_a
राजपूत रघुवीरसिंह
245
_a
द्वंद्व
260
_b
लोकसाहित्य
630
_a
द्वंद्व
730
_a
द्वंद्व
942
_c
BOOK
999
_c
533026
_d
533023